Geografía del turismo en el mundo.

Guardat en:
Dades bibliogràfiques
Autor principal: Mesplier, Alain (autor)
Altres autors: Bloc-Duraffour, Pierre (autor), Secall, Rafael Esteve (adaptación), Piñeiro, María Luisa (traducción)
Format: Llibre
Idioma:espanyol
Publicat: Madrid, España: Síntesis, 2000.
Col·lecció:Gestión turística.
Matèries:
Etiquetes: Afegir etiqueta
Sense etiquetes, Sigues el primer a etiquetar aquest registre!

MARC

LEADER 00000nam a22000007a 4500
003 CL-VaPUC
005 20250407202439.0
008 250310t2000 ||||| |||| 00| 0 spa d
999 |c 447176  |d 447174 
020 |a 84-7738-784-2 
040 |c Pontificia Universidad Católica de Valparaíso 
082 |2 22  |a 338.4791 MES 2000 
100 |9 896441  |a Mesplier, Alain  |e autor 
245 |a Geografía del turismo en el mundo. 
260 |a Madrid, España:  |b Síntesis,  |c 2000. 
300 |a 382 páginas:  |b mapas, gráficos. 
490 |a Gestión turística. 
500 |a c.1-5: Instituto Arcos. 08-01-2025 
583 |c 20250310  |k Yessy Sthefany Diaz Vidal 
650 0 |9 308920  |a Turismo  |x Economía y política internacional 
650 0 |9 347913  |a Industria turística  |x Aspectos sociales 
650 0 |9 484548  |a Lugares turísticos  |x Geografía 
700 |9 896444  |a Bloc-Duraffour, Pierre  |e autor 
700 |9 896445  |a Secall, Rafael Esteve  |e adaptación 
700 |9 896446  |a Piñeiro, María Luisa   |e traducción 
942 |2 ddc  |c BK  |n 0 
952 |0 0  |1 0  |2 ddc  |4 0  |6 338_479100000000000_MES_2000  |7 0  |8 A  |9 600799  |a BIBINC  |b BIBINC  |d 2025-03-10  |e Instituto Arcos  |i 5665489  |o 338.4791 MES 2000  |p 5665489  |r 2025-03-10  |t 1  |w 2025-03-10  |y BK  |k IFP 
952 |0 0  |1 0  |2 ddc  |4 0  |6 338_479100000000000_MES_2000  |7 0  |8 A  |9 600800  |a BIBINC  |b BIBINC  |d 2025-03-10  |e Instituto Arcos  |i 5665490  |o 338.4791 MES 2000  |p 5665490  |r 2025-03-10  |t 2  |w 2025-03-10  |y BK  |k IFP 
952 |0 0  |1 0  |2 ddc  |4 0  |6 338_479100000000000_MES_2000  |7 0  |8 A  |9 600801  |a BIBINC  |b BIBINC  |d 2025-03-10  |e Instituto Arcos  |i 5665491  |o 338.4791 MES 2000  |p 5665491  |r 2025-03-10  |t 3  |w 2025-03-10  |y BK  |k IFP 
952 |0 0  |1 0  |2 ddc  |4 0  |6 338_479100000000000_MES_2000  |7 0  |8 A  |9 600802  |a BIBINC  |b BIBINC  |d 2025-03-10  |e Instituto Arcos  |i 5665492  |o 338.4791 MES 2000  |p 5665492  |r 2025-03-10  |t 4  |w 2025-03-10  |y BK  |k IFP 
952 |0 0  |1 0  |2 ddc  |4 0  |6 338_479100000000000_MES_2000  |7 0  |8 A  |9 600803  |a BIBINC  |b BIBINC  |d 2025-03-10  |e Instituto Arcos  |i 5665493  |o 338.4791 MES 2000  |p 5665493  |r 2025-03-10  |t 5  |w 2025-03-10  |y BK  |k IFP